000 01123cam a22003011 4500
001 e 53000002
003 DLC
005 20260227111235.0
008 810815s1952 xx 000 0 eng
010 _ae 53000002
035 _a(OCoLC)14679063
040 _aDLC
_cDNLM
_dOrPS
_dDLC
042 _apremarc
043 _an-us---
050 0 0 _aL111
_b.A6 1952, no. 20
051 _aLB3409.U5
_bK5
060 0 _aWA 350
_bU57h 1952
110 1 _aUnited States.
_bOffice of Education.
245 1 0 _aHealth services in city schools,
_cby H. F. Kilander.
260 _a[Washington]
_c1952.
300 _avi, 68 p.
410 1 0 _aUnited States.
_bOffice of Education.
_tBulletin
_v1952: no. 20
500 _aReport of third decennial study of school health services in the United States.
501 _aL111.A6 1952, no. 20 with: Schools at work in 48 States / United States. Office of Education. Washington : Govt. Print. Off., 1952. Bound together subsequent to publication.
_5DLC
650 0 _aSchool hygiene
_zUnited States.
650 0 _aChildren
_xHealth and hygiene.
700 1 _aKilander, Holger Frederick,
_d1900-
999 _c22189
_d22189